Comunicaciones inalámbricas: un enfoque aplicado

Shranjeno v:
Bibliografske podrobnosti
Glavni avtor: Roldán Martínez, David (Author)
Format: Knjiga
Jezik:španščina
Izdano: Cuernavaca Alfaomega 2005
Cuernavaca Ra-Ma 2005
Teme:
Oznake: Označite
Brez oznak, prvi označite!

MARC

LEADER 00000nam a2200000 a 4500
001 UCH5969
003 CL-VaPUC
008 091105e20050000MX |||||||||||||||||spa|d
020 |a 970151078X 
082 0 4 |a 384.5  |b ROL  |2 21 
100 0 |a Roldán Martínez, David  |e author  |9 542353 
245 1 0 |a Comunicaciones inalámbricas: un enfoque aplicado 
300 |a 363 p 
942 |c BK 
945 |d 20091105 00:00:00  |a dcastane 
260 |a Cuernavaca  |b Alfaomega  |c 2005 
260 |a Cuernavaca  |b Ra-Ma  |c 2005 
650 7 |a COMUNICACION INALAMBRICA  |2 CL-VaPUC  |9 485914 
650 0 |a Telecomunicaciones   |9 257195 
650 0 |a Medios de comunicación  |9 257206 
650 0 |a Internet   |9 254823 
650 7 |a ETHERNET  |2 CL-VaPUC  |9 500416 
650 0 |a Telefonía móvil   |9 471402 
583 |a last modification  |c 20130421 11:38:07  |k Rodrigo Vera 
999 |c 336961  |d 336959 
952 |0 0  |1 0  |4 0  |6 384_500000000000000_ROL_2005_2005  |7 0  |8 A  |9 429040  |a BIBING  |b BIBING  |d 2019-11-22  |i 4616316  |o 384.5 ROL 2005 2005  |p 4616316  |r 2025-01-20  |w 2019-11-22  |y BK  |k EIE